000 002710000a22000970004500
100 1 _aHäring, Hermann
245 1 0 _aNo apaguéis la fuerza del Espíritu (1 Tes 5,19)
300 _aVol.307, núm.307 (Septiembre, 2004), Páginas 651-664
773 0 _tConcilium
942 _cANA
999 _c61044
_d61044